000 01128nam a22002417a 4500
005 20240305165528.0
007 cr|||| ||||
008 190816s2014 pe |||||s|||| 00||0 spa d
020 _a978-612-4218-13-2
035 _a24097
040 _avLex
090 _c9218
_d9218
100 1 _aCanessa Montejo, Miguel F.
245 1 2 _aEl Sistema Interamericano de Derechos Humanos y la protección de los derechos humanos laborales
_h[Recurso electrónico] /
_cMiguel F. Canessa Montejo
256 _aServicio en línea
260 _aLima:
_bPalestra Editores,
_c2014
300 _a1 recurso electrónico
506 1 _aDisponible solo en los productos indicados
_dvLex Global
_dvLex Global (Academic Edition, excluding Law Schools)
_dvLex Global (U.S. Academic Edition, Law Schools)
_dvLex Global (U.S. Academic Edition, excluding Law Schools)
_dvLex Global (Academic Edition, Law Schools)
650 0 4 _aDerecho Internacional
_zPerú
740 0 _avLex Libros (Servicio en línea)
856 4 0 _uhttps://app.vlex.com/#/sources/sistema-interamericano-derechos-humanos-proteccion-derechos-humanos-laborales-24097
942 _cRAA
999 _c167455
_d167455